A history of landownership in modern Egypt, 1800-1950 /

محفوظ في:

المؤلف الرئيسي: Baer, Gabriel (مؤلف)

التنسيق: كتاب

اللغة: English

سلاسل: Middle Eastern Monographs ; 4.

الموضوعات:

الوسوم: إضافة وسم

لا توجد وسوم, كن أول من يضع وسما على هذه التسجيلة!

رقم الطلب: HD975 .B233

LEADER 01188namaa2200277 4500
003 OSt
005 20200412075308.0
008 130303s1962 enka g 000 0 eng d
952 |0 0  |1 0  |2 lcc  |4 0  |6 HD0975 B233  |7 1  |9 1261  |a ARCE  |b ARCE  |d 2020-04-12  |l 0  |o HD975 .B233  |p 1004234  |r 2020-04-12 00:00:00  |w 2020-04-12  |y BK 
999 |c 2637  |d 2637 
040 |c ARCE Library 
043 |a f-ua--- 
050 0 4 |a HD975 .B233 
100 1 |a Baer, Gabriel,  |e author 
245 1 2 |a A history of landownership in modern Egypt, 1800-1950 /  |c by Gabriel Baer. 
264 1 |a London :  |b Oxford Univresity Press,  |c 1962. 
300 |a xii,252 pages :  |b illustrations ;  |c 23 cm. 
336 |a text  |b txt  |2 rdacontent 
337 |a unmediated  |b n  |2 rdamedia 
338 |a volume  |b nc  |2 rdacarrier 
490 1 |a Middle Eastern Monographs ;  |v 4. 
500 |a "Issued under the auspices of the Royal Institute of International Affairs" "The original manuscripts ... was part of a Ph.D. thesis,"Hebrew University ,Jerusalem entitle : ha-Rekhush ha-Karkai ve-she'alet ha-reformah ha-agrait be-mistyrayim (romanized from ) 
650 0 |a Land Tenure  |z Egypt. 
830 0 |a Middle Eastern Monographs ;  |v 4. 
901 |a reviewed 
942 |c BK  |2 lcc